| 000 | 01298cam a2200337 a 4500 | ||
|---|---|---|---|
| 001 | 12127457 | ||
| 003 | 0 | ||
| 005 | 20170118121651.0 | ||
| 008 | 000802s2001 maua b 001 0 eng | ||
| 010 | _a 00062474 | ||
| 020 | _a0072396903 | ||
| 040 | _cspu | ||
| 050 | 0 | 0 |
_aHD30.3 _b.V37 2001 |
| 100 | 1 | _aBeamer, Linda. | |
| 245 | 1 | 0 |
_aIntercultural communication in the global workplace / _cLinda Beamer, Iris Varner. |
| 250 | _a2nd ed. | ||
| 260 |
_aBoston, Mass. : _bMcGraw-Hill/Irwin, _c2001. |
||
| 300 |
_axxiv, 360 p. : _bill. ; _c24 cm. |
||
| 500 | _aAuthors' names appear in reverse order on previous ed. | ||
| 504 | _aIncludes bibliographical references and index. | ||
| 650 | 0 |
_aCommunication in management _xSocial aspects. |
|
| 650 | 0 |
_aBusiness communication _xSocial aspects. |
|
| 650 | 0 |
_aInternational business enterprises _xSocial aspects. |
|
| 650 | 0 | _aIntercultural communication. | |
| 650 | 0 | _aMulticulturalism. | |
| 700 | 1 | _aVarner, Iris I. | |
| 856 | 4 | 2 |
_3Publisher description _uhttp://www.loc.gov/catdir/description/mh021/00062474.html |
| 856 | 4 | 1 |
_3Table of contents only _uhttp://www.loc.gov/catdir/toc/mh021/00062474.html |
| 856 | 4 | 2 |
_3Contributor biographical information _uhttp://www.loc.gov/catdir/enhancements/fy0610/00062474-b.html |
| 942 |
_2lcc _cBK |
||
| 999 |
_c47959 _d47959 |
||